• 首页
  • 本馆介绍
  • 公告通知
  • 最新文献
  • 馆藏检索
  • 电子资源
  • 读者导购
  • 参考咨询
  • 我的图书馆
  • 登录
  • 详细信息显示
  • 放入我的书架
  • 预约/预借图书
  • 作者相关作品
  • 分类相关作品
  • 丛书相关作品
  • 出版社相关作品

书目信息

  • 表格格式
  • 工作单格式
  • 卡片格式
题名:
土地在丧失
    
 
作者: Eckholm , 埃克霍姆 著 ;黄重生 译
分册:  
出版信息: 北京   科学出版社  1982
页数: 176页
开本: 19cm
丛书名: 环境保护科普丛书
单 册:
中图分类: S157.1
科图分类:
主题词: 土壤侵蚀--普及读物
电子资源:
ISBN:
000 00977nam2 2200301 45
001 0182009902
005 20060811152922.68
010    @dCNY0.75
091    @a13031.1813
100    @a19950526d1982 em y0chiy0121 ea
101 1  @achi@ceng
102    @aCN@b110000
105    @ay z 000yy
200 10 @a土地在丧失@Atu di zai sang shi@e环境压力和世界粮食前景@f(美)埃克霍姆(E.P. Eckholm)著@g黄重生译
210    @a北京@c科学出版社@d1982
215    @a176页@d19cm
225 2  @a环境保护科普丛书
300    @a书名原文:Losing Ground(Environmental Stress and World Food Prospects)
410  0 @120010@a环境保护科普丛书
510 1  @aLosing Ground(Environmental Stress and World Food Prospects)@zeng
606    @a土壤侵蚀@x普及读物
690    @aS157.1@v3
701 A1 @aEckholm@bE.P.@4著
701  1 @a埃克霍姆@Aai ke huo mu@bE.P.@4著
702  0 @a黄重生@Ahuang chong sheng@4译
801  2 @aCN@bNLC@c20060811
801  0 @aCN@bTSSF@c20060802
905    @a10447@dS157.1@e32
    
    土地在丧失:环境压力和世界粮食前景/(美)埃克霍姆(E.P. Eckholm)著/黄重生译.-北京:科学出版社,1982
    176页;19cm.-(环境保护科普丛书)
    书名原文:Losing Ground(Environmental Stress and World Food Prospects)
    
    ISBN :CNY0.75
    
●
相关链接 在E读中查询图书 在五车中查询图书 在当当中查询图书 在豆瓣中查询图书


正题名:土地在丧失     索取号:S157.1/32         预约/预借

序号 登录号 条形码 馆藏地/架位号 状态 备注
1 0439261   204392610   密集书库/ [索取号:S157.1/32] 在馆    
2 0439450   204394501   密集书库/ [索取号:S157.1/32] 在馆    
3 0452247   204522472   密集书库/ [索取号:S157.1/32] 在馆    
唐山师范学院图书馆 欢迎您!
大连网信软件有限公司© 版权所有